Bichinho de estimação (Record no. 116461)

MARC details
000 -LÍDER
campo de controle de tamanho fixo 01257 a2200253 4500
001 - NÚMERO DE CONTROLE
campo de controle 116461
020 ## - ISBN - INTERNATIONAL STANDARD BOOK NUMBER
ISBN - International Standard Book Number 9788535642759
020 ## - ISBN - INTERNATIONAL STANDARD BOOK NUMBER
Informação qualificadora (broch.)
041 ## - CÓDIGO DE IDIOMA
Código do idioma do texto/trilha sonora ou título diferente por
082 ## - CDD - CLASSIFICAÇÃO DECIMAL DE DEWEY
Número de Classificação 028.5
040 ## - FONTE DA CATALOGAÇÃO
Instituição da catalogação original BR-BrIDEA
Instituição que transcreveu o registro BR-BrIDEA
090 ## - NÚMERO DE CHAMADA LOCAL
Número de chamada (OCLC) (R); Número de chamada, CALL (RLIN) (NR) P SK 028
Número Cutter local (OCLC); Número de classificação do livro, CALL (RLIN) CAM
100 ## - ENTRADA PRINCIPAL--NOME PESSOAL
Nome pessoal Campbells, Edméa
245 10 - TÍTULO
Título Bichinho de estimação
Indicação de responsabilidade, etc. Edméa Campbells; ilustrações de Cris Eich
260 ## - PUBLICAÇÃO, DISTRIBUIÇÃO, ETC.
Local de publicação, distribuição, etc. São Paulo
Nome do editor, distribuidor, etc. Paulinas
Data da publicação, distribuição, etc. 2017
300 ## - DESCRIÇÃO FÍSICA
Extensão [s.p.]
Outros detalhes físicos il., color
490 ## - TÍTULO DA SÉRIE
Título da série Livros divertidos / Série cade?
520 ## - NOTA DE RESUMO, ETC
Resumo, etc. O livro "Bichinho de estimação" é uma história de amizade que relata o dia em que o potrinho perdeu o seu bichinho de estimação; a vaca, vendo seu amigo triste, resolveu ajudar; mas tem só um problema: o potrinho não fornece muitos detalhes sobre o seu bichinho; enquanto procuram, encontram outros animais que se juntam a eles; cada animal convida outro para a aventura misteriosa de desvendar qual o bichinho de estimação do potrinho; para cada amigo que se junta à procura, ficamos sabendo de mais uma nova informação sobre o bichinho, até que no final temos uma grande surpresa.
521 ## - NOTA DO PÚBLICO ALVO
Nota de público alvo IK
697 ## - ENTRADA DE ASSUNTO LOCAL--ENTIDADE COLETIVA (RLIN)
Nome corporativo ou nome da jurisdição Literatura infanto-juvenil
700 ## - ENTRADA ADICIONADA - NOME PESSOAL
Nome pessoal Eich, Cris
Função do autor por extenso ilustrador
856 ## - LOCALIZAÇÃO ELETRÔNICA E ACESSO
Uniform Resource Identifier <a href="000004/00000427.jpg">000004/00000427.jpg</a>
942 ## - ELEMENTOS DE ENTRADA ADICIONADOS (KOHA)
Tipo de material Koha Livros
Holdings
Situação do descarte Situação das perdas Fonte da classificação ou esquema de arquivamento na estante Situação física Não pode ser emprestado Biblioteca de origem Biblioteca atual Data de aquisição Total de empréstimos Número de chamada completo Código de barras Data de último acesso Data do preço efetivo Tipo de material Koha Data do último empréstimo
          Canadian School of Niterói - Piratininga Canadian School of Niterói - Piratininga 09/02/2024   CAM - B1 A12288 09/02/2024 09/02/2024 Livros  
    Classificação Decimal de Dewey     ECB - SUDOESTE ECB - SUDOESTE 17/02/2020   P SK 028 CAM 00048896SSW 23/01/2024 23/01/2024 Livros  
    Classificação Decimal de Dewey     ECB - SUDOESTE ECB - SUDOESTE 17/02/2020   P SK 028 CAM 00048897SSW 23/01/2024 23/01/2024 Livros  
    Classificação Decimal de Dewey     ECB - SUDOESTE ECB - SUDOESTE 17/02/2020 3 P SK 028 CAM 00048898SSW 25/06/2024 23/01/2024 Livros 02/04/2024
    Classificação Decimal de Dewey     ECB - SUDOESTE ECB - SUDOESTE 17/02/2020   P SK 028 CAM 00048899SSW 23/01/2024 23/01/2024 Livros  
    Classificação Decimal de Dewey     ECB - SUDOESTE ECB - SUDOESTE 17/02/2020 7 P SK 028 CAM 00048900SSW 21/06/2024 23/01/2024 Livros 14/06/2024
    Classificação Decimal de Dewey     ECB - SUDOESTE ECB - SUDOESTE 17/02/2020   P SK 028 CAM 00048901SSW 23/01/2024 23/01/2024 Livros  
    Classificação Decimal de Dewey     ECB - ÁGUAS CLARAS ECB - ÁGUAS CLARAS 01/12/2020   AP SK 028 CAM 00051809AGC 23/01/2024 23/01/2024 Livros  
    Classificação Decimal de Dewey     ECB - ÁGUAS CLARAS ECB - ÁGUAS CLARAS 01/12/2020   AP SK 028 CAM 00051810AGC 23/01/2024 23/01/2024 Livros  
    Classificação Decimal de Dewey     ECB - ÁGUAS CLARAS ECB - ÁGUAS CLARAS 09/12/2020   AP SK 028 CAM 00051996AGC 23/01/2024 23/01/2024 Livros  
    Classificação Decimal de Dewey     ECB - ÁGUAS CLARAS ECB - ÁGUAS CLARAS 09/12/2020   AP SK 028 CAM 00051997AGC 23/01/2024 23/01/2024 Livros  
    Classificação Decimal de Dewey     ECB - ÁGUAS CLARAS ECB - ÁGUAS CLARAS 09/12/2020   AP SK 028 CAM 00051998AGC 23/01/2024 23/01/2024 Livros  
    Classificação Decimal de Dewey     ECB - ÁGUAS CLARAS ECB - ÁGUAS CLARAS 09/12/2020   AP SK 028 CAM 00051999AGC 23/01/2024 23/01/2024 Livros  
          Leonardo Da Vinci - Alphaville 2 Leonardo Da Vinci - Alphaville 2 27/03/2024   028.5 C195b 2A161 27/03/2024 27/03/2024 Livros